000 nam a22 a 4500
999 _c188990
_d188990
003 BLK
005 20221212185701.0
008 180411b bul|||||r ||||||| ||bul||
010 _aKNG00198012000
040 _aBLK
041 _aBUL
_cBUL
080 _aБългарска литература
_b821.163.2
_x-32
_z821.163.2-32
100 1 _aЧамов, Славчо Апостолов
_eпърви автор
_9327874
139 _aЧамов, Славчо Апостолов
_bЧ 21
245 1 0 _aОтломки от сърцето
_bРазкази и новели
_cСлавчо Апостолов Чамов
257 _aBGR
260 _aСофия
_bНар. младеж
_c1981
_fВраца : В. Александров
300 _a216 с.
_c20 см
380 _aX
852 _aЦб 107391
_bЦб
856 4 _qpdf
_i0.00
_ldisable
942 _cKNG
_n0
_s1
944 _aCR
_c13.12.2016
_kЕлиз_Шакирова
944 _aED
_c13.12.2016
_kЕлиз_Шакирова